[Event "IV Festival Costa Viola B"]
[Site "Sant'Eufemia d'Aspromonte ITA"]
[Date "2011.01.04"]
[Round "4"]
[White "Bruno, Elio"]
[Black "Paragliola, Gennaro"]
[Result "0-1"]
[WhiteElo "1671"]
[BlackElo "1603"]
[PlyCount "86"]
[EventDate "2011.01.02"]

1. e4 d6 2. d4 g6 3. Nf3 Bg7 4. Be3 Nf6 5. Nc3 O-O 6. h3 Nbd7 7. Qd2 e5 8. Bh6
exd4 9. Nxd4 Re8 10. f3 d5 11. Bd3 dxe4 12. fxe4 Nc5 13. Bxg7 Kxg7 14. Qe3 Qe7
15. O-O-O Ncxe4 16. Rde1 c5 17. Nf3 Bf5 18. g4 Nxc3 19. Qxe7 Rxe7 20. Rxe7 Bxd3
21. cxd3 Nxa2+ 22. Kc2 Nb4+ 23. Kc3 Nfd5+ 24. Kc4 Nxe7 25. Kxc5 Nxd3+ 26. Kd6
Nc6 27. b3 a5 28. Ng5 h6 29. Nf3 f6 30. h4 Nde5 31. Nxe5 Nxe5 32. g5 fxg5 33.
Kxe5 gxh4 34. Rxh4 b5 35. Rh1 a4 36. Ra1 a3 37. Kd5 b4 38. Rc1 h5 39. Rc7+ Kh6
40. Rc1 h4 41. Ke6 g5 42. Kf5 Ra5+ 43. Kg4 Ra6 0-1

[Event "IV Festival Costa Viola B"]
[Site "Sant'Eufemia d'Aspromonte ITA"]
[Date "2011.01.04"]
[Round "4"]
[White "Martino, Giovanni"]
[Black "Fiorentino, Vincenzo"]
[Result "0-1"]
[WhiteElo "1584"]
[BlackElo "1563"]
[PlyCount "108"]
[EventDate "2011.01.02"]

1. e4 e6 2. d3 d5 3. Nd2 Nf6 4. Ngf3 c5 5. g3 b6 6. Bg2 Bb7 7. O-O Qc7 8. Re1
Be7 9. c3 O-O 10. e5 Nfd7 11. d4 a5 12. h4 Nc6 13. Bh3 Rfe8 14. Nf1 Nf8 15. Bf4
Ng6 16. Qd2 Nxf4 17. Qxf4 h6 18. a3 Bf8 19. h5 Ba6 20. N1h2 Bd3 21. g4 Be7 22.
Qg3 Kh8 23. Nh4 cxd4 24. cxd4 Bc4 25. Rad1 b5 26. f4 Qb6 27. N2f3 a4 28. g5 Rg8
29. g6 f5 30. exf6 Bxf6 31. Rxe6 Rae8 32. Qe1 Rxe6 33. Qxe6 Qc7 34. Ng2 Rf8 35.
Kf2 Nd8 36. Qc8 Qxc8 37. Bxc8 Nc6 38. Kg3 Rxc8 39. Ne3 Re8 40. Nf5 b4 41. Nd6
Re3 42. Nf5 Re2 43. Ng1 Re4 44. Nf3 Ne7 45. Nd6 Re2 46. Ne5 Rxb2 47. Ndxc4 dxc4
48. Nxc4 Rc2 49. Nd6 b3 50. Ne4 Nf5+ 51. Kf3 Nxd4+ 52. Kg4 Nf5 53. Re1 Bh4 54.
Rd1 Ne3+ 0-1

[Event "IV Festival Costa Viola B"]
[Site "Sant'Eufemia d'Aspromonte ITA"]
[Date "2011.01.04"]
[Round "4"]
[White "Rizzuti, Pasquale"]
[Black "Zarzaca, Antonio"]
[Result "1-0"]
[WhiteElo "1840"]
[BlackElo "1502"]
[PlyCount "74"]
[EventDate "2011.01.02"]

1. c4 e6 2. g3 f5 3. Bg2 Nf6 4. Nc3 Be7 5. d4 O-O 6. Nf3 Ne4 7. Qc2 a5 8. Nxe4
fxe4 9. Qxe4 d6 10. h4 d5 11. Qc2 Nc6 12. Bg5 Nb4 13. Qd2 dxc4 14. a3 Nc6 15.
e3 Bf6 16. Bxf6 Qxf6 17. O-O b5 18. Ne5 Nxe5 19. dxe5 Qxe5 20. Bxa8 Qf6 21. Qc3
Qg6 22. Bg2 a4 23. Rad1 Qf5 24. Rd4 e5 25. Rd5 Re8 26. Rfd1 Rf8 27. Qd2 h6 28.
Rd8 Kh7 29. Rxf8 Qxf8 30. Be4+ Bf5 31. Qd5 Bxe4 32. Qxe4+ Kh8 33. Qxe5 Qf3 34.
Qe8+ Kh7 35. Rd4 c3 36. bxc3 Qe2 37. Qe4+ Kg8 1-0

[Event "IV Festival Costa Viola B"]
[Site "Sant'Eufemia d'Aspromonte ITA"]
[Date "2011.01.04"]
[Round "4"]
[White "Greco, Simone"]
[Black "Mileo, Miguelito"]
[Result "1/2-1/2"]
[WhiteElo "1605"]
[BlackElo "1602"]
[PlyCount "40"]
[EventDate "2011.01.02"]

1. e4 c6 2. d4 d5 3. Nc3 dxe4 4. Nxe4 Nd7 5. Ng5 Ngf6 6. Bd3 h6 7. Ne6 Qb6 8.
Nxf8 Nxf8 9. c3 Ng6 10. Nf3 Bg4 11. h3 Bxf3 12. Qxf3 O-O-O 13. Rb1 Nh4 14. Qg3
g5 15. O-O Qc7 16. Qxc7+ Kxc7 17. Bd2 e6 18. f4 g4 19. hxg4 Nxg4 20. g3 Nf5
1/2-1/2

[Event "IV Festival Costa Viola B"]
[Site "Sant'Eufemia d'Aspromonte ITA"]
[Date "2011.01.04"]
[Round "4"]
[White "Minucci, Veronica"]
[Black "Quattrone, Andrea"]
[Result "0-1"]
[WhiteElo "1377"]
[BlackElo "1557"]
[PlyCount "52"]
[EventDate "2011.01.02"]

1. e4 e5 2. Nc3 Nf6 3. Nf3 Nc6 4. g3 d6 5. Bg2 Be6 6. O-O Qd7 7. h3 Bxh3 8.
Bxh3 Qxh3 9. Ng5 Qd7 10. Nd5 Be7 11. Nxf6+ Bxf6 12. d3 h5 13. c3 h4 14. gxh4
Rxh4 15. f3 Qe7 16. f4 exf4 17. Nf3 Rg4+ 18. Kh1 O-O-O 19. Nh2 Rh4 20. Bxf4 Be5
21. Qd2 Rdh8 22. Kg1 Bxf4 23. Rxf4 Qg5+ 24. Ng4 Rxg4+ 25. Kf1 Rxf4+ 26. Qxf4
Qxf4+ 0-1

[Event "IV Festival Costa Viola B"]
[Site "Sant'Eufemia d'Aspromonte ITA"]
[Date "2011.01.04"]
[Round "4"]
[White "Battaglia, Domenica"]
[Black "Daniac, Federico"]
[Result "0-1"]
[WhiteElo "1509"]
[BlackElo "1551"]
[PlyCount "96"]
[EventDate "2011.01.02"]

1. e4 c5 2. Nf3 Nc6 3. d4 cxd4 4. Nxd4 g6 5. Be3 Bg7 6. Nc3 Nf6 7. Nxc6 bxc6 8.
Bc4 O-O 9. O-O Qc7 10. f4 d6 11. h3 Nd7 12. Rb1 Nb6 13. Be2 Be6 14. a3 Nc4 15.
Bxc4 Bxc4 16. Rf2 Rab8 17. Qc1 Rb7 18. Bd2 Rfb8 19. b3 Bd4 20. bxc4 Bxf2+ 21.
Kxf2 Rxb1 22. Nxb1 Qb6+ 23. Be3 Qxb1 24. Qxb1 Rxb1 25. Bxa7 Rb2 26. Ke3 Rxc2
27. Kd3 Rxg2 28. c5 Rg3+ 29. Kd4 Rxa3 30. Bb6 Ra4+ 31. Ke3 f6 32. cxd6 exd6 33.
Bc7 d5 34. exd5 cxd5 35. Bd8 Kf7 36. h4 Ke6 37. Bb6 h6 38. Bd4 g5 39. hxg5 hxg5
40. fxg5 fxg5 41. Bh8 Kf5 42. Kd3 Re4 43. Bg7 g4 44. Bh6 g3 45. Be3 g2 46. Bg1
Kg4 47. Kd2 Kf3 48. Kd3 Re1 0-1

[Event "IV Festival Costa Viola B"]
[Site "Sant'Eufemia d'Aspromonte ITA"]
[Date "2011.01.04"]
[Round "4"]
[White "Palermiti, Francesco"]
[Black "Chite', Carmelo"]
[Result "1-0"]
[WhiteElo "1531"]
[BlackElo "1467"]
[PlyCount "121"]
[EventDate "2011.01.02"]

1. d4 e6 2. Nf3 f5 3. e3 Nf6 4. Nbd2 Be7 5. b3 O-O 6. Bb2 d6 7. Bc4 Qe8 8. O-O
Kh8 9. Ng5 Bd8 10. Ngf3 Nbd7 11. Bd3 Nd5 12. c4 Nb4 13. Be2 e5 14. dxe5 dxe5
15. a3 Nc6 16. b4 Bf6 17. Qb3 e4 18. Bxf6 Nxf6 19. Nd4 Nxd4 20. exd4 Qg6 21. f4
b6 22. d5 Bb7 23. Rad1 Rad8 24. Nb1 Rfe8 25. Qe3 Ng4 26. Bxg4 Qxg4 27. Nc3 a6
28. a4 Rd6 29. Ne2 Rh6 30. Ng3 Bc8 31. c5 bxc5 32. bxc5 Qh4 33. Kf2 Qf6 34. Kg1
Qh4 35. h3 Rg6 36. Kh2 Bd7 37. c6 Bc8 38. Rd2 a5 39. Rfd1 Rd8 40. Rc1 Qe7 41.
Qc5 Qh4 42. Qe3 Qe7 43. Rc5 Rf6 44. Rxa5 Qb4 45. Ra7 h6 46. Nh5 Rf7 47. Rf2
Rxd5 48. Ra8 Rd8 49. a5 Qb5 50. Rc2 Rff8 51. Qc3 Rf7 52. a6 Qd3 53. a7 Ba6 54.
Rb8 Qxc3 55. Rxc3 Rff8 56. a8=Q Rxb8 57. Qxa6 Rfe8 58. Re3 Rb6 59. Qa1 Re7 60.
Qa8+ Kh7 61. Qf8 1-0

[Event "IV Festival Costa Viola B"]
[Site "Sant'Eufemia d'Aspromonte ITA"]
[Date "2011.01.04"]
[Round "4"]
[White "Fariselli, Umberto"]
[Black "Pallonetto, Cristofaro"]
[Result "0-1"]
[WhiteElo "1410"]
[BlackElo "1506"]
[PlyCount "96"]
[EventDate "2011.01.02"]

1. e4 e5 2. Nc3 d6 3. Bc4 Nf6 4. d3 Nc6 5. Bg5 Be7 6. h3 Bd7 7. g4 h6 8. Be3
Na5 9. Bb5 a6 10. Bxd7+ Qxd7 11. Qd2 O-O-O 12. Nf3 Nc6 13. O-O-O Qe6 14. Kb1 d5
15. exd5 Nxd5 16. Nxd5 Rxd5 17. c4 Rd7 18. a3 e4 19. Ne1 Rhd8 20. Qc3 Bf6 21.
Qb3 Nd4 22. Bxd4 Bxd4 23. Rd2 e3 24. Re2 Qf6 25. fxe3 Bb6 26. Qd1 Ba5 27. b4
Bb6 28. Qc2 c5 29. Rf2 Qe6 30. Rhf1 f6 31. Re2 Kb8 32. e4 cxb4 33. axb4 Bd4 34.
Qb3 Be5 35. Rf3 Qb6 36. c5 Qb5 37. Ra2 Rd4 38. Nc2 Rxe4 39. Ra5 Qd7 40. dxe4
Qd1+ 41. Ka2 Rd2 42. Rc3 Bxc3 43. Qxc3 Rxc2+ 44. Kb3 Rxc3+ 45. Kxc3 Kc7 46. Ra2
Kc6 47. Rd2 Qf3+ 48. Rd3 Qxe4 0-1

[Event "IV Festival Costa Viola B"]
[Site "Sant'Eufemia d'Aspromonte ITA"]
[Date "2011.01.04"]
[Round "4"]
[White "Luppino, Domenico"]
[Black "Pratico', Paolo"]
[Result "1-0"]
[WhiteElo "1512"]
[BlackElo "1257"]
[PlyCount "49"]
[EventDate "2011.01.02"]

1. e4 g6 2. d4 d6 3. Nf3 Nf6 4. Nc3 Bg7 5. h3 O-O 6. Bc4 c6 7. O-O b5 8. Bd3 a5
9. Be3 a4 10. a3 Nbd7 11. Qc1 e5 12. dxe5 Nxe5 13. Nxe5 dxe5 14. Bh6 Nh5 15.
Bxg7 Kxg7 16. Ne2 Be6 17. Rd1 Qb6 18. Rf1 f5 19. exf5 Bxf5 20. Bxf5 Rxf5 21. g4
Rg5 22. Qxg5 Re8 23. gxh5 h6 24. Qxg6+ Kh8 25. Qxe8+ 1-0

[Event "IV Festival Costa Viola B"]
[Site "Sant'Eufemia d'Aspromonte ITA"]
[Date "2011.01.04"]
[Round "4"]
[White "Vacchiano, Salvatore"]
[Black "Attina', Rodolfo"]
[Result "0-1"]
[WhiteElo "1566"]
[BlackElo "1386"]
[PlyCount "54"]
[EventDate "2011.01.02"]

1. e4 g6 2. d4 d6 3. f4 Bg7 4. Nc3 Bd7 5. Nf3 e6 6. Bc4 c6 7. O-O Nh6 8. Bd3
O-O 9. f5 exf5 10. Bxh6 Bxh6 11. exf5 Bg7 12. fxg6 hxg6 13. Ne4 Bg4 14. c3 b6
15. Qb3 d5 16. Ned2 Qf6 17. Ne5 Qg5 18. Ndf3 Bxf3 19. Rxf3 Bxe5 20. dxe5 Qxe5
21. Raf1 Qd6 22. Rf6 Qe7 23. Qc2 Nd7 24. Rxc6 Nc5 25. Kh1 Ne4 26. c4 Qh4 27.
Kg1 Nc5 0-1

[Event "IV Festival Costa Viola B"]
[Site "Sant'Eufemia d'Aspromonte ITA"]
[Date "2011.01.04"]
[Round "5"]
[White "Della Rocca, Giorgio"]
[Black "Carlomagno, Vincenzo"]
[Result "1-0"]
[WhiteElo "1881"]
[BlackElo "1870"]
[PlyCount "77"]
[EventDate "2011.01.02"]

1. e4 c5 2. Nc3 d6 3. f4 Nc6 4. Nf3 g6 5. Bc4 Bg7 6. O-O e6 7. f5 gxf5 8. exf5
d5 9. fxe6 fxe6 10. Bb5 Nf6 11. Ne5 Qc7 12. Ng4 O-O 13. Bxc6 bxc6 14. d3 Bd7
15. Nxf6+ Bxf6 16. Qg4+ Kh8 17. Bg5 Bd4+ 18. Kh1 Qd6 19. Bh6 Rxf1+ 20. Rxf1 Rg8
21. Qh4 Be8 22. Ne2 Be5 23. Nf4 Bf7 24. Nh3 Bg6 25. Ng5 Qd7 26. Bf8 Bxb2 27.
Rf7 Rxf8 28. Rxf8+ Kg7 29. Rf3 h6 30. Qf4 Qe7 31. Nh3 e5 32. Qd2 e4 33. dxe4
dxe4 34. Rg3 Kh7 35. Nf4 Bf5 36. c3 Qb7 37. Nh5 Bg6 38. Nf6+ Kh8 39. Rxg6 1-0

[Event "IV Festival Costa Viola B"]
[Site "Sant'Eufemia d'Aspromonte ITA"]
[Date "2011.01.04"]
[Round "5"]
[White "Furnari, Francesco"]
[Black "Rametta, Marcello"]
[Result "1-0"]
[WhiteElo "1856"]
[BlackElo "1741"]
[PlyCount "51"]
[EventDate "2011.01.02"]

1. e4 c5 2. Nf3 Nc6 3. d4 cxd4 4. Nxd4 Nxd4 5. Qxd4 a6 6. Nc3 e6 7. Bd3 b5 8.
O-O Bb7 9. e5 Rc8 10. Qg4 h6 11. Ne4 Bxe4 12. Bxe4 d5 13. exd6 Nf6 14. Qf3 Nxe4
15. Qxe4 Bxd6 16. c3 Qc7 17. Qg4 Bxh2+ 18. Kh1 Be5 19. f4 Bf6 20. Be3 Qb8 21.
Rad1 b4 22. f5 exf5 23. Rxf5 bxc3 24. bxc3 Bxc3 25. Bc5 Be5 26. Rxe5+ 1-0

[Event "IV Festival Costa Viola B"]
[Site "Sant'Eufemia d'Aspromonte ITA"]
[Date "2011.01.04"]
[Round "5"]
[White "Fiorentino, Vincenzo"]
[Black "Paragliola, Gennaro"]
[Result "1-0"]
[WhiteElo "1563"]
[BlackElo "1603"]
[PlyCount "61"]
[EventDate "2011.01.02"]

1. d4 Nf6 2. Nf3 d5 3. c4 e6 4. e3 Be7 5. Be2 O-O 6. O-O Nbd7 7. a3 b6 8. b4
Bb7 9. c5 c6 10. Re1 b5 11. Nbd2 a5 12. Bb2 axb4 13. axb4 Rxa1 14. Qxa1 Qc7 15.
Nb3 Ra8 16. Na5 Ne4 17. Bd3 Bd8 18. Bxe4 dxe4 19. Nd2 f5 20. Qa2 Kf7 21. Bc3
Nf6 22. f3 exf3 23. Nxf3 Ne4 24. Ne5+ Kf6 25. Qc2 Nxc3 26. Qxc3 Ke7 27. e4 f4
28. Qh3 h6 29. Qg4 g5 30. Qh5 Qc8 31. Qf7# 1-0

[Event "IV Festival Costa Viola B"]
[Site "Sant'Eufemia d'Aspromonte ITA"]
[Date "2011.01.04"]
[Round "5"]
[White "Serratore, Vincenzo"]
[Black "Rizzuti, Pasquale"]
[Result "0-1"]
[WhiteElo "1874"]
[BlackElo "1840"]
[PlyCount "100"]
[EventDate "2011.01.02"]

1. d4 Nf6 2. Nf3 g6 3. e3 Bg7 4. Bd3 d5 5. c3 Nbd7 6. Nbd2 O-O 7. O-O c5 8. Qe2
c4 9. Bc2 Nb6 10. e4 Qc7 11. exd5 Nfxd5 12. Re1 Re8 13. Ne5 Bxe5 14. Qxe5 Qxe5
15. Rxe5 f6 16. Re1 Bd7 17. Ne4 Ba4 18. b3 cxb3 19. axb3 Bc6 20. Bb2 e5 21. Bb1
Kg7 22. dxe5 fxe5 23. c4 Nb4 24. Nd6 Re6 25. f4 Rd8 26. c5 Nd7 27. Ba3 a5 28.
Bb2 Nxc5 29. Rxa5 Ncd3 30. Bxe5+ Nxe5 31. Raxe5 Rexd6 32. Re7+ Kg8 33. f5 Rd2
34. fxg6 Rxg2+ 35. Kf1 hxg6 36. Re8+ Rxe8 37. Rxe8+ Bxe8 38. Kxg2 Kg7 39. Be4
b6 40. Bf3 Bc6 41. Kf2 Kf6 42. Bd1 Nd5 43. Bc2 Nb4 44. Bd1 Be4 45. Ke3 Ke5 46.
Kd2 Kd4 47. h4 Nd5 48. h5 g5 49. h6 Nf6 50. Be2 g4 0-1

[Event "IV Festival Costa Viola B"]
[Site "Sant'Eufemia d'Aspromonte ITA"]
[Date "2011.01.04"]
[Round "5"]
[White "Carbone, Edoardo"]
[Black "Bruno, Elio"]
[Result "1-0"]
[WhiteElo "1647"]
[BlackElo "1671"]
[PlyCount "71"]
[EventDate "2011.01.02"]

1. d4 Nf6 2. c4 g6 3. Nf3 Bg7 4. g3 O-O 5. Bg2 d6 6. O-O c6 7. Nc3 Re8 8. e4
Bg4 9. h3 Bd7 10. Be3 e5 11. d5 Qc8 12. Kh2 Nh5 13. Rc1 f5 14. exf5 gxf5 15.
dxc6 Bxc6 16. Ng5 Nf6 17. Nd5 Bxd5 18. Bxd5+ Kh8 19. Nf7+ Kg8 20. Nxd6+ Nxd5
21. Nxc8 Nxe3 22. fxe3 Rxc8 23. Qd5+ Kh8 24. Rxf5 Nc6 25. Qg2 Ne7 26. Rf7 Ng8
27. Rd1 Nh6 28. Rxb7 Nf5 29. Rdd7 Nxe3 30. Qf3 Rxc4 31. Qxe3 Rc2+ 32. Rd2 Rc1
33. Rd8+ Rxd8 34. Qxc1 e4 35. Rxg7 Kxg7 36. Qg5+ 1-0

[Event "IV Festival Costa Viola B"]
[Site "Sant'Eufemia d'Aspromonte ITA"]
[Date "2011.01.04"]
[Round "5"]
[White "Quattrone, Andrea"]
[Black "Greco, Simone"]
[Result "0-1"]
[WhiteElo "1557"]
[BlackElo "1605"]
[PlyCount "148"]
[EventDate "2011.01.02"]

1. d4 Nf6 2. c4 g6 3. Nc3 Bg7 4. e4 d6 5. Be3 O-O 6. Qd2 a6 7. Bh6 c5 8. d5
Nbd7 9. Nf3 Re8 10. Bxg7 Kxg7 11. a4 h6 12. Be2 e6 13. O-O Qe7 14. Rab1 Rb8 15.
b4 cxb4 16. Rxb4 Nc5 17. e5 Nfe4 18. Nxe4 Nxe4 19. Qd4 exd5 20. cxd5 Bf5 21.
exd6+ Qf6 22. Qxf6+ Nxf6 23. Nd4 Be4 24. Bc4 Red8 25. h3 Bxd5 26. Re1 Bxc4 27.
Rxc4 Rxd6 28. Re7 Rd7 29. Rxd7 Nxd7 30. Rc7 Nb6 31. a5 Nd5 32. Rd7 Nb4 33. Ne6+
Kg8 34. Nc5 b6 35. axb6 Rxb6 36. Nb7 Nc6 37. Nd6 Ne5 38. Rd8+ Kh7 39. Ne4 a5
40. Re8 Nc4 41. Re7 Kg7 42. Rc7 Nd6 43. Nxd6 Rxd6 44. Ra7 Rd5 45. Kf1 Kf6 46.
Ke2 Ke6 47. Kf1 f6 48. Rh7 h5 49. Rg7 g5 50. Rh7 h4 51. Ra7 Ke5 52. Ra6 Kf5 53.
Ke2 Ke5 54. Ke3 Kf5 55. g3 hxg3 56. fxg3 Rb5 57. Kf3 Rb3+ 58. Kf2 Ra3 59. h4
Kg6 60. h5+ Kxh5 61. Rxf6 Kg4 62. Ra6 Ra2+ 63. Kg1 Kxg3 64. Kf1 g4 65. Ra7 a4
66. Ra6 a3 67. Ra7 Ra1+ 68. Ke2 Kg2 69. Ra6 g3 70. Ra7 Ra2+ 71. Ke1 Kh1 72. Rg7
Rg2 73. Rh7+ Rh2 74. Rg7 g2 0-1

[Event "IV Festival Costa Viola B"]
[Site "Sant'Eufemia d'Aspromonte ITA"]
[Date "2011.01.04"]
[Round "5"]
[White "Daniac, Federico"]
[Black "Arcidiaco, Francesco"]
[Result "0-1"]
[WhiteElo "1551"]
[BlackElo "1602"]
[PlyCount "80"]
[EventDate "2011.01.02"]

1. e4 d6 2. d4 Nf6 3. Nc3 g6 4. Be3 Bg7 5. g3 c6 6. Bg2 Qc7 7. Nge2 O-O 8. O-O
Nbd7 9. Qd2 Ng4 10. f3 Nxe3 11. Qxe3 a6 12. a4 Nb6 13. Qd3 Nd7 14. f4 e5 15. d5
Nc5 16. Qe3 Bd7 17. b4 exf4 18. gxf4 Bg4 19. Rad1 Nd7 20. Bh3 Bxe2 21. Nxe2 Nb6
22. dxc6 bxc6 23. Qg3 Rae8 24. Bg2 Nxa4 25. f5 Be5 26. Qg5 f6 27. Qh6 g5 28.
Nd4 Qb6 29. Kh1 Bxd4 30. Rf3 Re7 31. h4 gxh4 32. Qxh4 Rg7 33. Rh3 Be5 34. Bf3
Nc3 35. Rf1 Qxb4 36. Bh5 Qxe4+ 37. Qxe4 Nxe4 38. Rff3 Ng5 39. Ra3 Nxh3 40. Rxh3
a5 0-1

[Event "IV Festival Costa Viola B"]
[Site "Sant'Eufemia d'Aspromonte ITA"]
[Date "2011.01.04"]
[Round "5"]
[White "Mileo, Miguelito"]
[Black "Palermiti, Francesco"]
[Result "1-0"]
[WhiteElo "1602"]
[BlackElo "1531"]
[PlyCount "73"]
[EventDate "2011.01.02"]

1. d4 d5 2. Bf4 Nf6 3. e3 e6 4. Nf3 Bb4+ 5. c3 Bd6 6. Ne5 Nbd7 7. Nd2 O-O 8.
Bd3 c5 9. Nxf7 Rxf7 10. Bxd6 c4 11. Bc2 Nb6 12. Be5 Nbd7 13. Nf3 b5 14. Ng5 g6
15. Nxf7 Kxf7 16. Qf3 Kg8 17. O-O-O Qe7 18. h4 Bb7 19. Rhg1 Rf8 20. g4 Ne4 21.
Bf4 Qxh4 22. Bxe4 dxe4 23. Qg2 Qd8 24. Qh2 Bd5 25. g5 a5 26. Rg4 b4 27. Rh4 Rf7
28. Rh1 Nf8 29. Bd6 bxc3 30. bxc3 Rb7 31. Bc5 a4 32. Rf4 Re7 33. Kc2 a3 34. Rb1
Rf7 35. Bxf8 e5 36. Rxf7 Bxf7 37. Qxe5 1-0

[Event "IV Festival Costa Viola B"]
[Site "Sant'Eufemia d'Aspromonte ITA"]
[Date "2011.01.04"]
[Round "5"]
[White "Pallonetto, Cristofaro"]
[Black "Martino, Giovanni"]
[Result "1-0"]
[WhiteElo "1506"]
[BlackElo "1584"]
[PlyCount "73"]
[EventDate "2011.01.02"]

1. e4 c5 2. Nf3 d6 3. d4 cxd4 4. Nxd4 Nf6 5. Nc3 a6 6. Be2 e6 7. Bg5 Be7 8. O-O
Nbd7 9. f4 Qb6 10. Kh1 Qxb2 11. Qd2 Qb4 12. Rfb1 Qc5 13. Bf3 Rb8 14. Bh4 b5 15.
Bf2 Qc7 16. a3 Nc5 17. e5 dxe5 18. fxe5 Nfd7 19. Nc6 Rb6 20. Nxe7 Kxe7 21. Qg5+
Kf8 22. Re1 Bb7 23. Bxb7 Rxb7 24. Rad1 g6 25. Bxc5+ Qxc5 26. Qh6+ Ke8 27. Ne4
Qb6 28. Nd6+ Ke7 29. Nxb7 Qxb7 30. Qg5+ Ke8 31. Re2 h6 32. Qg3 Ke7 33. Red2 Nc5
34. Qf4 Rc8 35. Qf6+ Kf8 36. Rd8+ Rxd8 37. Rxd8# 1-0

[Event "IV Festival Costa Viola B"]
[Site "Sant'Eufemia d'Aspromonte ITA"]
[Date "2011.01.04"]
[Round "5"]
[White "Vazzana, Antonio"]
[Black "Luppino, Domenico"]
[Result "1-0"]
[WhiteElo "1497"]
[BlackElo "1512"]
[PlyCount "69"]
[EventDate "2011.01.02"]

1. c4 c5 2. Nc3 Nc6 3. Nf3 d6 4. d4 Bf5 5. e4 Bg4 6. d5 Ne5 7. Be2 Bxf3 8. Bxf3
a6 9. b3 Nf6 10. O-O g6 11. Be2 Bg7 12. f4 Ned7 13. Bd3 Nxe4 14. Bxe4 Bxc3 15.
Rb1 Bg7 16. Bb2 Nf6 17. Bd3 O-O 18. Rf3 Qd7 19. Qc2 Ne8 20. Bxg7 Kxg7 21. f5
Nf6 22. Rbf1 e6 23. dxe6 fxe6 24. fxg6 h6 25. Qc1 Ng8 26. Rf7+ Rxf7 27. Rxf7+
Qxf7 28. gxf7 Kxf7 29. Qf4+ Ke7 30. Qg4 Kd7 31. Qg7+ Kc6 32. Be4+ d5 33. cxd5+
exd5 34. Bxd5+ Kd6 35. Bxg8 1-0

[Event "IV Festival Costa Viola B"]
[Site "Sant'Eufemia d'Aspromonte ITA"]
[Date "2011.01.04"]
[Round "5"]
[White "Zarzaca, Antonio"]
[Black "Battaglia, Domenica"]
[Result "1-0"]
[WhiteElo "1502"]
[BlackElo "1509"]
[PlyCount "61"]
[EventDate "2011.01.02"]

1. f4 e6 2. Nf3 d5 3. b3 Nf6 4. Bb2 Nc6 5. e3 Bd6 6. Bb5 Bd7 7. O-O O-O 8. Qe1
Nb4 9. Bd3 Nxd3 10. cxd3 c5 11. Be5 Be7 12. Nc3 Be8 13. Qg3 Nh5 14. Qh3 f6 15.
g4 fxe5 16. gxh5 exf4 17. Ne5 Rf5 18. exf4 Bxh5 19. Rf2 Bd6 20. Nxd5 Bxe5 21.
fxe5 Qg5+ 22. Rg2 Qd8 23. Ne3 Rxe5 24. Qg3 Qf6 25. Rf1 Rf5 26. Nxf5 exf5 27.
Rxf5 Qd4+ 28. Rgf2 Bg6 29. R5f4 Qxd3 30. Qg4 Re8 31. Qe6+ 1-0

[Event "IV Festival Costa Viola B"]
[Site "Sant'Eufemia d'Aspromonte ITA"]
[Date "2011.01.04"]
[Round "5"]
[White "Chite', Carmelo"]
[Black "Minucci, Veronica"]
[Result "1-0"]
[WhiteElo "1467"]
[BlackElo "1377"]
[PlyCount "57"]
[EventDate "2011.01.02"]

1. d4 d5 2. Nc3 Nf6 3. Bg5 e6 4. Nf3 Be7 5. e3 O-O 6. Bd3 b6 7. Qd2 c5 8. O-O
c4 9. Be2 h6 10. Bh4 Nc6 11. Bxf6 Bxf6 12. Rfe1 e5 13. dxe5 Bxe5 14. Nxe5 Nxe5
15. Rad1 Ng4 16. h3 Nf6 17. Bxc4 dxc4 18. Qxd8 Rxd8 19. Rxd8+ Kh7 20. Red1 Bb7
21. Rxa8 Bxa8 22. Rd4 a5 23. Rxc4 Nd5 24. a3 Nxc3 25. Rxc3 Bb7 26. Rb3 Be4 27.
Rxb6 Bxc2 28. b4 axb4 29. axb4 1-0

[Event "IV Festival Costa Viola B"]
[Site "Sant'Eufemia d'Aspromonte ITA"]
[Date "2011.01.04"]
[Round "5"]
[White "Pratico', Paolo"]
[Black "Fariselli, Umberto"]
[Result "0-1"]
[WhiteElo "1257"]
[BlackElo "1410"]
[PlyCount "84"]
[EventDate "2011.01.02"]

1. g3 d5 2. c3 c6 3. b4 Nf6 4. a4 b6 5. Bg2 e6 6. Nf3 g6 7. Ne5 Bd6 8. d4 Bxe5
9. dxe5 Nfd7 10. f4 c5 11. b5 c4 12. O-O Nc5 13. Nd2 Bd7 14. Ba3 Qc7 15. Rb1 a6
16. Bxc5 Qxc5+ 17. Kh1 axb5 18. axb5 Bxb5 19. Ra1 Rxa1 20. Qxa1 O-O 21. Nf3 Bc6
22. Ng5 h6 23. Nh3 Nd7 24. Qc1 Kg7 25. Nf2 Ra8 26. Ng4 h5 27. Ne3 b5 28. g4 Rh8
29. g5 Ra8 30. Nc2 Nb6 31. Qd2 Ra2 32. Ra1 Rxa1+ 33. Nxa1 Qa3 34. Nc2 Qb2 35.
Qe3 Qb1+ 36. Qg1 Qxg1+ 37. Kxg1 Na4 38. Nd4 Bd7 39. e4 Nxc3 40. exd5 Nxd5 41.
f5 gxf5 42. Bxd5 exd5 0-1

[Event "IV Festival Costa Viola B"]
[Site "Sant'Eufemia d'Aspromonte ITA"]
[Date "2011.01.05"]
[Round "6"]
[White "Fiorentino, Vincenzo"]
[Black "Furnari, Francesco"]
[Result "0-1"]
[WhiteElo "1563"]
[BlackElo "1856"]
[PlyCount "74"]
[EventDate "2011.01.02"]

1. d4 Nf6 2. Nf3 d5 3. c4 e6 4. e3 c6 5. Be2 dxc4 6. Bxc4 Bd6 7. Nc3 O-O 8. e4
Bb4 9. Qe2 c5 10. dxc5 Nc6 11. O-O Bxc5 12. Rd1 Qe7 13. Bg5 h6 14. Bh4 g5 15.
Nxg5 hxg5 16. Bxg5 Ne5 17. Kh1 Neg4 18. Rf1 Qc7 19. f4 Nf2+ 20. Rxf2 Bxf2 21.
Bxf6 Qxf4 22. Rf1 Qxf6 23. Rxf2 Qh6 24. Rf3 Rd8 25. Qf2 Qc1+ 26. Bf1 b6 27.
Rxf7 Ba6 28. Rf3 Qxf1+ 29. Qxf1 Bxf1 30. Rxf1 Rd2 31. Nb5 Rxb2 32. Nc7 Rc8 33.
Nxe6 Rxa2 34. e5 Re8 35. Nd4 Rxe5 36. Nb3 Rb2 37. Nc1 Rb1 0-1

[Event "IV Festival Costa Viola B"]
[Site "Sant'Eufemia d'Aspromonte ITA"]
[Date "2011.01.05"]
[Round "6"]
[White "Carbone, Edoardo"]
[Black "Violi, Vincenzo"]
[Result "1/2-1/2"]
[WhiteElo "1647"]
[BlackElo "1798"]
[PlyCount "34"]
[EventDate "2011.01.02"]

1. d4 Nf6 2. c4 e6 3. Nf3 c5 4. g3 cxd4 5. Nxd4 Nc6 6. Nxc6 bxc6 7. Bg2 d5 8.
O-O Bd6 9. Nc3 Bb7 10. Re1 O-O 11. e4 dxe4 12. Nxe4 Nxe4 13. Bxe4 Bb4 14. Rf1
Qxd1 15. Rxd1 Rfd8 16. Bg5 f6 17. Be3 Ba5 1/2-1/2

[Event "IV Festival Costa Viola B"]
[Site "Sant'Eufemia d'Aspromonte ITA"]
[Date "2011.01.05"]
[Round "6"]
[White "Carlomagno, Vincenzo"]
[Black "Rizzuti, Pasquale"]
[Result "1-0"]
[WhiteElo "1870"]
[BlackElo "1840"]
[PlyCount "175"]
[EventDate "2011.01.02"]

1. e4 c5 2. Nf3 d6 3. d4 cxd4 4. Nxd4 Nf6 5. Nc3 Nc6 6. Bg5 Qb6 7. Nb3 e6 8.
Qd2 Be7 9. Be2 a6 10. f4 Qc7 11. O-O-O h6 12. Bxf6 gxf6 13. Rhf1 Bd7 14. Bh5
Rh7 15. Qd3 Rg7 16. Qh3 O-O-O 17. f5 Rf8 18. Bg4 Rfg8 19. fxe6 Rxg4 20. exd7+
Qxd7 21. Nd5 Qe6 22. Nd4 Nxd4 23. Rxd4 Kb8 24. Qc3 Rc8 25. Qf3 Rg6 26. g3 Bd8
27. Qf5 Qe5 28. Qxe5 fxe5 29. Rd3 f6 30. Rc3 Rxc3 31. Nxc3 Kc7 32. Nd5+ Kd7 33.
Kd2 Ke6 34. Rf5 Rg5 35. Rxg5 fxg5 36. g4 Kd7 37. Ne3 Be7 38. Nf5 Bf8 39. Kd3
Ke6 40. c4 Kd7 41. Kc3 Kc6 42. a4 a5 43. b3 Kc5 44. Ne3 Bg7 45. Nd5 Bf8 46. Kd3
Kc6 47. Ne3 Be7 48. Nf5 Bf8 49. Kc2 Kb6 50. Ne3 Kc5 51. Kc3 Be7 52. Nd5 Bf8 53.
b4+ axb4+ 54. Nxb4 Kb6 55. Nd5+ Kc6 56. Ne3 Be7 57. Nf5 Bf8 58. Kc2 Kb6 59. Kb3
Kc6 60. a5 Kc5 61. Kc3 Kc6 62. Ne3 Be7 63. Nd5 Bd8 64. Kb4 Kd7 65. Kb5 Ke6 66.
a6 bxa6+ 67. Kxa6 Be7 68. Nxe7 Kxe7 69. Kb6 Kd7 70. Kb7 Ke7 71. Kc7 Ke6 72. Kd8
d5 73. cxd5+ Kd6 74. Ke8 Kc5 75. Ke7 Kd4 76. d6 Kxe4 77. d7 Kf3 78. d8=Q Kxg4
79. Qd2 Kf3 80. Ke6 e4 81. Qe1 e3 82. Kf5 Kg2 83. Qxe3 h5 84. Qxg5+ Kh1 85. Kf4
h4 86. Kf3 h3 87. Kf2 Kxh2 88. Qg1# 1-0